[Event "Quebec-ch classe"]
[Site "St-Jean CAN"]
[Date "2000.10.07"]
[Round "2"]
[White "Larochelle, Martial"]
[Black "St Amand, Paul Jr"]
[Result "1-0"]
[WhiteElo "2141"]
[BlackElo "2211"]
[PlyCount "61"]
[GameId "2160767911644142"]
[EventDate "2000.10.06"]
[EventType "swiss"]
[EventRounds "5"]
[EventCountry "CAN"]

1. c4 c5 2. g3 Nf6 3. Bg2 Nc6 4. Nc3 e6 5. Nf3 d5 6. cxd5 Nxd5 7. O-O Be7 8. Nxd5 exd5 9. d4 O-O 10. dxc5 Bxc5 11. Bg5 Qb6 12. Rc1 Be6 13. a3 a5 14. Qc2 Bd6 15. Qd2 d4 16. e3 f6 17. exd4 fxg5 18. d5 Bg4 19. dxc6 Bxf3 20. Bxf3 Rxf3 21. Qxd6 bxc6 22. Rxc6 Qxb2 23. Qd5+ Rf7 24. Rc7 Raf8 25. Rxf7 Rxf7 26. Qa8+ Rf8 27. Qxa5 h6 28. Qc5 Qb3 29. Re1 Ra8 30. Re7 Qxa3 31. Re8+ 1-0

[Event "Quebec-ch classe"]
[Site "St-Jean CAN"]
[Date "2000.10.07"]
[Round "2"]
[White "Masse, Hugues"]
[Black "Mikanovic, Goran"]
[Result "0-1"]
[WhiteElo "2004"]
[BlackElo "2323"]
[PlyCount "108"]
[GameId "2160767911644144"]
[EventDate "2000.10.06"]
[EventType "swiss"]
[EventRounds "5"]
[EventCountry "CAN"]

1. e4 c5 2. f4 g6 3. Nf3 Bg7 4. c3 Nc6 5. d4 cxd4 6. cxd4 Qb6 7. e5 Nh6 8. d5 Nb4 9. Nc3 Nf5 10. Na4 Qa5 11. Bd2 Qxd5 12. Nc3 Nd3+ 13. Bxd3 Qxd3 14. Qe2 Qxe2+ 15. Kxe2 b6 16. Nd5 O-O 17. Bb4 d6 18. Nc7 Rb8 19. g4 Rb7 20. Nd5 Nh6 21. h3 Be6 22. Rhd1 a5 23. Ba3 b5 24. b4 Bxd5 25. Rxd5 dxe5 26. Nxe5 a4 27. Rc1 e6 28. Rd2 f5 29. Nd7 Rd8 30. Nc5 Rxd2+ 31. Kxd2 Re7 32. g5 Nf7 33. Nd3 e5 34. Rc8+ Bf8 35. Nxe5 Nxe5 36. fxe5 Rxe5 37. Bb2 Rd5+ 38. Ke2 Kf7 39. Rc7+ Ke6 40. a3 Be7 41. h4 Rd7 42. Rc3 Bd6 43. Re3+ Kf7 44. Rd3 Re7+ 45. Kf3 Ke6 46. Bc1 Rc7 47. Be3 Rc4 48. Bf2 Be5 49. Be1 Bb2 50. Ke3 Re4+ 51. Kd2 Rd4 52. Rxd4 Bxd4 53. Kc2 Kd5 54. Bg3 Kc4 0-1

[Event "Quebec-ch classe"]
[Site "St-Jean CAN"]
[Date "2000.10.07"]
[Round "3"]
[White "Belanger, Jacques"]
[Black "Fortier, Marc-Andre"]
[Result "0-1"]
[WhiteElo "2109"]
[BlackElo "2181"]
[PlyCount "80"]
[GameId "2160767911644145"]
[EventDate "2000.10.06"]
[EventType "swiss"]
[EventRounds "5"]
[EventCountry "CAN"]

1. e4 c5 2. Nf3 d6 3. d4 cxd4 4. Nxd4 Nf6 5. Nc3 g6 6. Be3 Bg7 7. f3 O-O 8. Qd2 Nc6 9. Bc4 Bd7 10. h4 Ne5 11. Bb3 Qa5 12. O-O-O Rfc8 13. h5 Nxh5 14. g4 Nf6 15. Kb1 Nc4 16. Bxc4 Rxc4 17. Nb3 Qc7 18. e5 dxe5 19. g5 Bf5 20. gxf6 Bxf6 21. Qh2 h5 22. Rdg1 Kf8 23. Nd2 Rxc3 24. bxc3 Qxc3 25. Bh6+ Ke8 26. Ne4 Qb4+ 27. Kc1 Rc8 28. Qd2 Qa3+ 29. Kb1 Qxf3 30. Nxf6+ exf6 31. Rc1 Rxc2 32. Qxc2 g5 33. Rh2 h4 34. Bg7 h3 35. Kb2 Bxc2 36. Rcxc2 g4 37. Rhf2 Qxf2 38. Rxf2 g3 39. Rd2 Ke7 40. Rc2 g2 0-1

[Event "Quebec-ch classe"]
[Site "St-Jean CAN"]
[Date "2000.10.07"]
[Round "3"]
[White "Desmarais, Emmanuel"]
[Black "Boulay, David"]
[Result "1/2-1/2"]
[WhiteElo "2075"]
[BlackElo "2083"]
[PlyCount "28"]
[GameId "2160767911644146"]
[EventDate "2000.10.06"]
[EventType "swiss"]
[EventRounds "5"]
[EventCountry "CAN"]

1. e4 c5 2. Nc3 Nc6 3. g3 g6 4. Bg2 Bg7 5. d3 e6 6. f4 d6 7. Nge2 Nge7 8. O-O O-O 9. g4 f5 10. gxf5 exf5 11. Ng3 Qd7 12. Nce2 b6 13. c3 Ba6 14. exf5 Nxf5 1/2-1/2

[Event "Quebec-ch classe"]
[Site "St-Jean CAN"]
[Date "2000.10.07"]
[Round "3"]
[White "Larochelle, Martial"]
[Black "Chabot, Roland"]
[Result "0-1"]
[WhiteElo "2141"]
[BlackElo "2195"]
[PlyCount "64"]
[GameId "2160767911644147"]
[EventDate "2000.10.06"]
[EventType "swiss"]
[EventRounds "5"]
[EventCountry "CAN"]

1. c4 e5 2. g3 d6 3. Bg2 f5 4. Nc3 Nf6 5. d4 Be7 6. e3 O-O 7. Nge2 c6 8. O-O e4 9. Nf4 g5 10. Nh5 Nbd7 11. Nxf6+ Nxf6 12. d5 c5 13. f3 exf3 14. Qxf3 Ng4 15. Bd2 Bf6 16. b3 a6 17. Rae1 b5 18. e4 fxe4 19. Qxe4 Bd4+ 20. Kh1 Nf2+ 21. Rxf2 Bxf2 22. Rf1 bxc4 23. bxc4 Rb8 24. Nd1 Bd4 25. Rxf8+ Qxf8 26. Bxg5 Bf5 27. Qe2 Re8 28. Qd2 Qg7 29. h4 Qe5 30. Kh2 Qe1 31. Qxe1 Rxe1 32. Bf3 Bc2 0-1

[Event "Quebec-ch classe"]
[Site "St-Jean CAN"]
[Date "2000.10.07"]
[Round "3"]
[White "Leutschaft, Martin"]
[Black "Masse, Hugues"]
[Result "1/2-1/2"]
[WhiteElo "2157"]
[BlackElo "2004"]
[PlyCount "130"]
[GameId "2160767911644148"]
[EventDate "2000.10.06"]
[EventType "swiss"]
[EventRounds "5"]
[EventCountry "CAN"]

1. e4 c5 2. Nf3 d6 3. Bb5+ Bd7 4. Bxd7+ Qxd7 5. c4 Nc6 6. Nc3 g6 7. d4 cxd4 8. Nxd4 Bg7 9. Be3 Nf6 10. f3 O-O 11. O-O Rac8 12. b3 Rfd8 13. Qd2 Ne8 14. Rac1 Nxd4 15. Bxd4 Bxd4+ 16. Qxd4 b6 17. Rcd1 Qc6 18. Rf2 Qc5 19. Rfd2 Rc6 20. Nd5 Kf8 21. Kf1 Qxd4 22. Rxd4 f6 23. g3 Nc7 24. Nxc7 Rxc7 25. f4 Rdc8 26. Ke2 Rc5 27. Rd5 Kf7 28. Ke3 a5 29. a4 Ke6 30. g4 Rh8 31. h4 Rg8 32. f5+ gxf5 33. exf5+ Kd7 34. Kf4 h6 35. R1d3 Rg7 36. Rg3 Ke8 37. Re3 Kd7 38. Rg3 Ke8 39. Rg2 Rg8 40. Rd4 Kd7 41. Rd5 Rxd5 42. cxd5 Rc8 43. Rg3 Rc1 44. Rd3 Rc2 45. Ke4 Rh2 46. h5 Rg2 47. Kf3 Rh2 48. Kg3 Rc2 49. Kf4 Rc5 50. Ke4 b5 51. axb5 Rxb5 52. Kf3 Rb4 53. Kg3 Re4 54. Kf3 Rb4 55. Kg3 Re4 56. Kf3 Re5 57. Rd1 Kc7 58. Rd4 Kb6 59. Kf4 Kc5 60. Ra4 Kb6 61. Rd4 Kb7 62. Rd1 Kc7 63. Rd2 Kb7 64. Rd1 Kb6 65. Rd4 Kb7 1/2-1/2

[Event "Quebec-ch classe"]
[Site "St-Jean CAN"]
[Date "2000.10.07"]
[Round "3"]
[White "Mikanovic, Goran"]
[Black "Hua, Lefong"]
[Result "1/2-1/2"]
[WhiteElo "2323"]
[BlackElo "2317"]
[PlyCount "149"]
[GameId "2160767911644149"]
[EventDate "2000.10.06"]
[EventType "swiss"]
[EventRounds "5"]
[EventCountry "CAN"]

1. d4 Nf6 2. c4 c5 3. d5 e6 4. Nc3 exd5 5. cxd5 d6 6. e4 g6 7. Nf3 Bg7 8. h3 O-O 9. Bd3 Re8 10. O-O c4 11. Bc2 a6 12. a4 Nbd7 13. Re1 Nc5 14. Bf4 h6 15. Nd2 Nh5 16. Be3 Nd3 17. Bxd3 cxd3 18. Nf3 Qa5 19. Qxd3 Qb4 20. Qd2 Kh7 21. Nd4 Bd7 22. Red1 Rac8 23. f3 g5 24. Nce2 Qxd2 25. Rxd2 f5 26. Nc3 Nf6 27. Rf1 fxe4 28. fxe4 Nxe4 29. Nxe4 Rxe4 30. Rf7 Rd8 31. Bf2 Kg6 32. Ne6 Kxf7 33. Nxd8+ Ke7 34. Nxb7 Bxa4 35. Bg3 Be5 36. Bxe5 Rxe5 37. Na5 Bb5 38. Kf2 Kd7 39. b3 Re4 40. Kf3 Rb4 41. Ke3 Kc7 42. Ra2 Kb6 43. Ra1 h5 44. Ra2 h4 45. Ra1 g4 46. hxg4 Rxg4 47. Kf3 Rg3+ 48. Kf2 Rd3 49. Nc4+ Bxc4 50. bxc4 Rc3 51. Rb1+ Kc5 52. Ra1 Rxc4 53. Rxa6 Kxd5 54. Kf3 Rc3+ 55. Ke2 Rc4 56. Kd3 Rd4+ 57. Ke3 Rb4 58. Ra5+ Ke6 59. Rh5 d5 60. Rh6+ Ke5 61. Rh5+ Kd6 62. Rh8 Re4+ 63. Kd3 Ke5 64. Rh5+ Kd6 65. Rh8 Rg4 66. Rh7 d4 67. Rh5 Ke6 68. Ra5 Rf4 69. Rb5 Rg4 70. Rh5 Kf6 71. Rd5 Rxg2 72. Rxd4 Kg5 73. Ke3 h3 74. Kf3 Rg1 75. Rd5+ 1/2-1/2

[Event "Quebec-ch classe"]
[Site "St-Jean CAN"]
[Date "2000.10.08"]
[Round "4"]
[White "Boulay, David"]
[Black "Larochelle, Martial"]
[Result "1-0"]
[WhiteElo "2083"]
[BlackElo "2141"]
[PlyCount "115"]
[GameId "2160767911644152"]
[EventDate "2000.10.06"]
[EventType "swiss"]
[EventRounds "5"]
[EventCountry "CAN"]

1. e4 c5 2. Nc3 Nc6 3. g3 g6 4. Bg2 Bg7 5. d3 e6 6. Nge2 d6 7. O-O Nge7 8. f4 O-O 9. g4 f5 10. gxf5 exf5 11. Ng3 Be6 12. Nd5 Bxd5 13. exd5 Nb4 14. c3 Na6 15. Be3 Qd7 16. Qd2 Rfe8 17. c4 Nc7 18. Rae1 b5 19. b3 Rab8 20. Re2 Nc8 21. Bf2 Rxe2 22. Nxe2 Nb6 23. Re1 bxc4 24. dxc4 Bf6 25. Nc1 Qg7 26. Re2 Bc3 27. Qd1 Nd7 28. Nd3 Nf6 29. h3 Re8 30. Rxe8+ Nfxe8 31. Qe2 Bd4 32. Kh2 Bxf2 33. Qxf2 Qc3 34. Nb2 Nf6 35. Nd1 Qc1 36. Ne3 Nh5 37. Bf1 Ne8 38. Bd3 Nef6 39. Ng2 Kf8 40. Qf1 Qb2 41. Qe2 Qd4 42. Qf3 Ke7 43. Qf1 Ne4 44. Bxe4 Qxe4 45. Qf2 Kd7 46. Kg1 Qd3 47. Kh2 Kc7 48. Qe1 Qe4 49. Qa5+ Kc8 50. Qa6+ Kd7 51. Qxa7+ Ke8 52. Qb8+ Kf7 53. Qxd6 Qf3 54. Qe6+ Kg7 55. Qe1 h6 56. d6 g5 57. fxg5 f4 58. d7 1-0

[Event "Quebec-ch classe"]
[Site "St-Jean CAN"]
[Date "2000.10.08"]
[Round "4"]
[White "Chabot, Roland"]
[Black "Mikanovic, Goran"]
[Result "1-0"]
[WhiteElo "2195"]
[BlackElo "2323"]
[PlyCount "72"]
[GameId "2160767911644153"]
[EventDate "2000.10.06"]
[EventType "swiss"]
[EventRounds "5"]
[EventCountry "CAN"]

1. d4 Nf6 2. c4 e6 3. Nc3 Bb4 4. e3 O-O 5. Bd3 d5 6. Nf3 b6 7. O-O Bb7 8. a3 Bd6 9. cxd5 exd5 10. b4 a6 11. Qb3 Nbd7 12. a4 Ne4 13. Bb2 Ndf6 14. b5 a5 15. Rad1 Qe7 16. Bb1 Rad8 17. Ne5 Rfe8 18. Qc2 Qf8 19. f3 Nxc3 20. Bxc3 g6 21. Qf2 Nd7 22. f4 f6 23. Nd3 Qe7 24. Rde1 Nf8 25. Kh1 c6 26. bxc6 Bxc6 27. Qc2 Kg7 28. e4 dxe4 29. d5 Bb7 30. Nf2 Ba6 31. Nxe4 Bxf1 32. Nxf6 Kf7 33. Nxe8 Rxe8 34. Rxe7+ Rxe7 35. Qf2 Bc4 36. Qd4 Bc5 1-0

[Event "Quebec-ch classe"]
[Site "St-Jean CAN"]
[Date "2000.10.08"]
[Round "4"]
[White "Hua, Lefong"]
[Black "Fortier, Marc-Andre"]
[Result "1-0"]
[WhiteElo "2317"]
[BlackElo "2281"]
[PlyCount "77"]
[GameId "2160767911644155"]
[EventDate "2000.10.06"]
[EventType "swiss"]
[EventRounds "5"]
[EventCountry "CAN"]

1. c4 Nf6 2. Nc3 g6 3. d4 Bg7 4. e4 d6 5. f4 O-O 6. Nf3 c5 7. d5 e6 8. Be2 exd5 9. cxd5 Bg4 10. O-O Re8 11. h3 Bxf3 12. Bxf3 Nbd7 13. a4 c4 14. Be3 a6 15. a5 Qc7 16. Ra4 b5 17. axb6 Nxb6 18. Ra5 Nfd7 19. Qa1 Qb7 20. Qa3 Nc8 21. Ra1 f5 22. e5 dxe5 23. d6 e4 24. Be2 Ncb6 25. Qb4 Reb8 26. Nd5 Nxd5 27. Qxb7 Rxb7 28. Bxc4 Rab8 29. Bxd5+ Kf8 30. Bxb7 Rxb7 31. Rxa6 Rb3 32. R1a3 Rxe3 33. Rxe3 Bd4 34. Kf2 Nc5 35. Ra8+ Kf7 36. Ke2 Ke6 37. Raa3 Bxb2 38. Ra7 Kxd6 39. Rxh7 1-0

[Event "Quebec-ch classe"]
[Site "St-Jean CAN"]
[Date "2000.10.08"]
[Round "4"]
[White "Masse, Hugues"]
[Black "Prahov, Valentin"]
[Result "1/2-1/2"]
[WhiteElo "2004"]
[BlackElo "2238"]
[PlyCount "81"]
[GameId "2160767911644156"]
[EventDate "2000.10.06"]
[EventType "swiss"]
[EventRounds "5"]
[EventCountry "CAN"]

1. e4 c5 2. f4 g6 3. Nf3 Bg7 4. c3 d5 5. e5 e6 6. d4 b6 7. Be3 cxd4 8. cxd4 Ne7 9. Nc3 Nf5 10. Bf2 h5 11. Bd3 O-O 12. Ne2 Ba6 13. Ng3 Qe7 14. Nxf5 exf5 15. a3 Rc8 16. O-O Bxd3 17. Qxd3 Nc6 18. Be1 Bh6 19. Bd2 Nd8 20. Rac1 Ne6 21. g3 Qd7 22. Qb3 Bf8 23. Rxc8 Rxc8 24. Rc1 Rxc1+ 25. Bxc1 Qc6 26. Bd2 Be7 27. Bc3 Kf8 28. Kf2 Ke8 29. Ke3 Kd7 30. h4 b5 31. Kd2 Bd8 32. Ng5 Nxg5 33. hxg5 a5 34. Qc2 Bb6 35. b3 b4 36. axb4 axb4 37. Bb2 Qb5 38. Qd3 Qa5 39. Qb1 Qa7 40. Qa1 Qxa1 41. Bxa1 1/2-1/2

[Event "Quebec-ch classe"]
[Site "St-Jean CAN"]
[Date "2000.10.08"]
[Round "5"]
[White "Desmarais, Emmanuel"]
[Black "Belanger, Jacques"]
[Result "1/2-1/2"]
[WhiteElo "2070"]
[BlackElo "2109"]
[PlyCount "85"]
[GameId "2160767911644157"]
[EventDate "2000.10.06"]
[EventType "swiss"]
[EventRounds "5"]
[EventCountry "CAN"]

1. e4 c5 2. Nc3 Nc6 3. g3 g6 4. Bg2 Bg7 5. d3 d6 6. f4 e6 7. Nge2 Nge7 8. O-O O-O 9. g4 f5 10. gxf5 exf5 11. Ng3 Nd4 12. Nce2 Rb8 13. c3 Nxe2+ 14. Nxe2 Bd7 15. Be3 Bc6 16. Qc2 Qd7 17. Rad1 Ba4 18. b3 Bc6 19. Kh1 Kh8 20. Bg1 b5 21. d4 cxd4 22. Bxd4 fxe4 23. Bxg7+ Kxg7 24. Bxe4 Nf5 25. Nd4 Bxe4+ 26. Qxe4 Rbe8 27. Nxf5+ Qxf5 28. Qxf5 Rxf5 29. Rxd6 Re2 30. Ra6 Rh5 31. Rxa7+ Kf6 32. Rf3 Rhxh2+ 33. Kg1 Kf5 34. a4 Kg4 35. Rd3 Rhg2+ 36. Kh1 Rh2+ 37. Kg1 bxa4 38. Rxa4 Rhg2+ 39. Kh1 Rh2+ 40. Kg1 h5 41. Rd5 Kh3 42. Rd3+ Kg4 43. Rd5 1/2-1/2

[Event "Quebec-ch classe"]
[Site "St-Jean CAN"]
[Date "2000.10.08"]
[Round "5"]
[White "Wojtkiewicz, Aleksander"]
[Black "Chabot, Roland"]
[Result "1/2-1/2"]
[WhiteElo "2630"]
[BlackElo "2195"]
[PlyCount "112"]
[GameId "2160767911644159"]
[EventDate "2000.10.06"]
[EventType "swiss"]
[EventRounds "5"]
[EventCountry "CAN"]

1. Nf3 d6 2. d4 Nf6 3. c4 Nbd7 4. Nc3 c6 5. e4 e5 6. Be2 Be7 7. O-O O-O 8. Re1 a6 9. Bf1 b5 10. a3 Bb7 11. Rb1 Re8 12. Bg5 Qb8 13. h3 Bf8 14. Qc2 h6 15. Be3 Qc7 16. Rbc1 Rac8 17. b4 Qb8 18. Qb3 exd4 19. Bxd4 Ne5 20. Nd2 Re7 21. Qb2 Rce8 22. c5 d5 23. Qa1 Nxe4 24. Ndxe4 dxe4 25. Nxe4 Re6 26. Rcd1 Ng6 27. Qb1 Nf4 28. g3 Nd5 29. Bg2 Qc7 30. f4 f5 31. Nd6 Bxd6 32. Rxe6 Rxe6 33. cxd6 Qxd6 34. Be5 Qf8 35. Rc1 Ne3 36. Qb3 Nc4 37. Bf1 Kh7 38. Bxc4 bxc4 39. Rxc4 c5 40. Rxc5 Rc6 41. Rxc6 Bxc6 42. Qe6 Be4 43. Qd7 Kg8 44. Kf2 Qf7 45. Qxf7+ Kxf7 46. Ke3 g6 47. Kd4 Ke6 48. Kc5 Kd7 49. Kb6 Bd3 50. a4 Kc8 51. Kc6 Bc2 52. a5 Be4+ 53. Kd6 Bg2 54. h4 Kb7 55. Bg7 h5 56. Bc3 Bf3 1/2-1/2

[Event "Quebec-ch classe U2000"]
[Site "St-Jean CAN"]
[Date "2000.10.07"]
[Round "3"]
[White "Blais, Georges"]
[Black "Dorion, Francois"]
[Result "1-0"]
[WhiteElo "1671"]
[BlackElo "1739"]
[PlyCount "129"]
[GameId "2160767739837766"]
[EventDate "2000.10.06"]
[EventType "swiss"]
[EventRounds "5"]
[EventCountry "CAN"]
[TimeControl "30/90:0"]

1. Nf3 Nf6 2. c4 c6 3. Nc3 d5 4. e3 e6 5. Be2 Nbd7 6. d4 Bb4 7. Qb3 Bxc3+ 8. Qxc3 O-O 9. O-O Ne4 10. Qc2 f5 11. g3 Ndf6 12. Ne5 Qe8 13. f3 Ng5 14. b3 Nh3+ 15. Kg2 Qh5 16. f4 Qh6 17. Bf3 Bd7 18. Qe2 g5 19. fxg5 Nxg5 20. Kh1 Be8 21. Ba3 Nfe4 22. Bxe4 Nxe4 23. Qf3 Bh5 24. Qf4 Rf6 25. Be7 Qxf4 26. Rxf4 Rh6 27. Rc1 Be2 28. Kg2 dxc4 29. bxc4 Re8 30. Bh4 c5 31. Rc2 Bd1 32. Rc1 Ba4 33. dxc5 Nxc5 34. Rd4 Kg7 35. Bg5 Rh5 36. Bf4 Rg8 37. Nf3 Bc6 38. Rf1 Ne4 39. Kg1 Kf6 40. Be5+ Ke7 41. Bf4 Nf6 42. Ne5 Be4 43. Rfd1 Rc8 44. h4 h6 45. Ng6+ Kf7 46. Ne5+ Kg7 47. Rd6 b5 48. Rxe6 bxc4 49. Re7+ Kg8 50. Re6 c3 51. Rxf6 c2 52. Rg6+ Kh8 53. Rc1 Kh7 54. Rd6 Rb8 55. Rd7+ Kg8 56. Kf2 Rb1 57. Rd8+ Kg7 58. Rd7+ Kf6 59. Rd6+ Ke7 60. Ng6+ Ke8 61. Rxc2 Bxc2 62. Ra6 Be4 63. Rxa7 Rb6 64. Re7+ Kd8 65. Bc7+ 1-0

[Event "Quebec-ch classe U2000"]
[Site "St-Jean CAN"]
[Date "2000.10.08"]
[Round "4"]
[White "Cardin, Guillaume"]
[Black "Bachand-Fleurent, Julien"]
[Result "1/2-1/2"]
[WhiteElo "1922"]
[BlackElo "1964"]
[PlyCount "76"]
[GameId "2160767911644162"]
[EventDate "2000.10.06"]
[EventType "swiss"]
[EventRounds "5"]
[EventCountry "CAN"]

1. e4 e6 2. d4 d5 3. Nc3 Bb4 4. a3 Bxc3+ 5. bxc3 Ne7 6. Qg4 Kf8 7. e5 c5 8. a4 Qa5 9. Bd2 Nbc6 10. Nf3 Bd7 11. Be2 c4 12. O-O Nd8 13. h4 Bxa4 14. h5 h6 15. Qf4 Qb5 16. Rfb1 Qc6 17. Bd1 b5 18. Bc1 Ke8 19. Ba3 a5 20. g4 Ra7 21. Nh4 g5 22. Qf6 Rh7 23. Bxe7 Rxe7 24. Nf3 Qc7 25. Nd2 Kd7 26. Nf1 Kc8 27. Ne3 Rd7 28. Bf3 Qc6 29. Ra2 Rb7 30. Kg2 Qd7 31. Rba1 Nc6 32. Nd1 Ne7 33. Be2 Ng8 34. Qf3 Ne7 35. Kg1 Nc6 36. Qf6 Qe7 37. Qxe7 Nxe7 38. Rc1 Rh8 1/2-1/2

[Event "Quebec-ch classe U2000"]
[Site "St-Jean CAN"]
[Date "2000.10.08"]
[Round "4"]
[White "Trottier, Julie"]
[Black "Simard, Francois"]
[Result "1/2-1/2"]
[WhiteElo "1867"]
[BlackElo "1821"]
[PlyCount "101"]
[GameId "2160767911644163"]
[EventDate "2000.10.06"]
[EventType "swiss"]
[EventRounds "5"]
[EventCountry "CAN"]

1. d4 d5 2. Nf3 Nf6 3. c4 e6 4. g3 Nbd7 5. Bg2 c6 6. O-O Bd6 7. Nc3 O-O 8. Nd2 h6 9. e4 dxe4 10. Ndxe4 Bc7 11. b3 Nxe4 12. Nxe4 Nf6 13. Bb2 Nxe4 14. Bxe4 Qe7 15. Re1 Rd8 16. Qh5 Bb6 17. Rad1 Qf6 18. Qf3 Qxf3 19. Bxf3 Ba5 20. Re3 Bb4 21. d5 exd5 22. cxd5 cxd5 23. Rxd5 Be6 24. Rb5 Rd2 25. Bxg7 Kxg7 26. Rxb4 Rxa2 27. Rxb7 Bh3 28. Rbe7 Rd8 29. Bh5 Rd7 30. f4 Rxe7 31. Rxe7 Rg2+ 32. Kh1 Rf2 33. Re1 Be6 34. Kg1 Rb2 35. Bd1 Bd5 36. Be2 Bxb3 37. Kf2 Bc4 38. Ke3 Rxe2+ 39. Rxe2 Bxe2 40. Kxe2 Kf6 41. g4 a5 42. Kd3 h5 43. gxh5 Kg7 44. Kc4 Kh6 45. Kb5 Kxh5 46. Kxa5 Kg4 47. Kb5 Kxf4 48. Kc5 Kg4 49. Kd4 f5 50. Ke3 f4+ 51. Kf2 1/2-1/2

[Event "Quebec-ch classe U2000"]
[Site "St-Jean CAN"]
[Date "2000.10.08"]
[Round "5"]
[White "Boileau, Samuel"]
[Black "Blais, Georges"]
[Result "0-1"]
[WhiteElo "1735"]
[BlackElo "1671"]
[PlyCount "24"]
[GameId "2160767739837768"]
[EventDate "2000.10.06"]
[EventType "swiss"]
[EventRounds "5"]
[EventCountry "CAN"]
[TimeControl "30/90:0"]

1. b3 c5 2. c4 Nf6 3. Bb2 e6 4. e3 Nc6 5. d4 cxd4 6. exd4 Bb4+ 7. Nd2 Ne4 8. Ngf3 Qa5 9. Bd3 Nxd2 10. Nxd2 Qg5 11. Be4 Qf4 12. Qe2 Bxd2+ 0-1

[Event "Quebec-ch intercoll."]
[Site "Montreal CAN"]
[Date "2000.04.21"]
[Round "1"]
[White "Dulac, Sebastien"]
[Black "Bergeron, Michel"]
[Result "0-1"]
[WhiteElo "1424"]
[BlackElo "1669"]
[PlyCount "62"]
[GameId "2160767911724558"]
[EventDate "2000.04.21"]
[EventType "swiss"]
[EventRounds "6"]
[EventCountry "CAN"]

1. d4 e6 2. c4 f5 3. Nc3 Nf6 4. Nf3 b6 5. Bf4 Bb4 6. a3 Bxc3+ 7. bxc3 Bb7 8. e3 Ne4 9. Rc1 d6 10. d5 e5 11. Bxe5 dxe5 12. Nxe5 O-O 13. Bd3 Qf6 14. f4 Qh4+ 15. g3 Nxg3 16. Nf3 Qh5 17. Rg1 Ne4 18. Rc2 Nd7 19. Be2 Qf7 20. Nd4 Qe7 21. Rg2 Ndc5 22. Bf3 Rf6 23. Bxe4 Qxe4 24. Qe2 Re8 25. Nxf5 Rxf5 26. Qg4 Qxe3+ 27. Rge2 Nd3+ 28. Kf1 Rxf4+ 29. Qxf4 Qxf4+ 30. Kg1 Qg4+ 31. Kh1 Rxe2 0-1

[Event "Quebec-ch intercoll."]
[Site "Montreal CAN"]
[Date "2000.04.21"]
[Round "1"]
[White "Gemme, Yannick"]
[Black "Kayembe, Doris"]
[Result "0-1"]
[WhiteElo "1595"]
[BlackElo "1845"]
[PlyCount "106"]
[GameId "2160767911724559"]
[EventDate "2000.04.21"]
[EventType "swiss"]
[EventRounds "6"]
[EventCountry "CAN"]

1. d4 d5 2. c4 c6 3. e3 g6 4. Nf3 Bg7 5. c5 Nd7 6. b4 Ngf6 7. Nc3 O-O 8. Bb2 Qc7 9. Qb3 Re8 10. Be2 e5 11. dxe5 Nxe5 12. Nxe5 Rxe5 13. h3 Be6 14. Qd1 Rd8 15. O-O Ne4 16. Nxe4 Rxe4 17. Bxg7 Kxg7 18. a3 d4 19. exd4 Rexd4 20. Qc2 Bd5 21. Qc3 Qe5 22. Rad1 Re4 23. Qxe5+ Rxe5 24. Rfe1 Rde8 25. Kf1 Bxg2+ 26. Kxg2 Rxe2 27. Rxe2 Rxe2 28. Rd7 Ra2 29. Rxb7 Rxa3 30. Rc7 Rb3 31. Rxa7 Rxb4 32. Rc7 Kf6 33. Rxc6+ Ke5 34. Rc7 Ke6 35. Ra7 Rf4 36. Rc7 h5 37. c6 Kd6 38. Rc8 Rc4 39. Rf8 Rf4 40. Rc8 Kc5 41. Kg3 Rf5 42. Rc7 Kb6 43. Rc8 Rf6 44. f3 Rxc6 45. Rxc6+ Kxc6 46. Kf4 f6 47. h4 Kd5 48. Kg3 Ke5 49. Kg2 Kf4 50. Kf2 f5 51. Kg2 Ke3 52. Kg3 f4+ 53. Kg2 Ke2 0-1

[Event "Quebec-ch intercoll."]
[Site "Montreal CAN"]
[Date "2000.04.21"]
[Round "1"]
[White "Moskvitch, Andrei"]
[Black "Yagoub, Nacim"]
[Result "1-0"]
[WhiteElo "2138"]
[BlackElo "1592"]
[PlyCount "67"]
[GameId "2160767911724560"]
[EventDate "2000.04.21"]
[EventType "swiss"]
[EventRounds "6"]
[EventCountry "CAN"]

1. d4 d5 2. c4 e6 3. Nc3 Nf6 4. Bg5 h6 5. Bh4 Bb4 6. a3 Bxc3+ 7. bxc3 O-O 8. Nf3 Nbd7 9. e3 c6 10. Bd3 Qa5 11. Qc2 Ne4 12. O-O Nxc3 13. Be7 dxc4 14. Bxc4 Nd5 15. Bxf8 Kxf8 16. Qh7 N5f6 17. Qd3 b5 18. Bb3 Bb7 19. Rfc1 Rd8 20. Qc2 Qc7 21. a4 b4 22. a5 Qd6 23. e4 e5 24. Qc4 Qe7 25. dxe5 Ng4 26. Rd1 Rc8 27. e6 Nde5 28. Nxe5 Nxe5 29. Qd4 Qg5 30. Qxb4+ c5 31. Qxb7 Nf3+ 32. Kh1 Nh4 33. Qxc8+ Ke7 34. Qd8# 1-0

[Event "Quebec-ch intercoll."]
[Site "Montreal CAN"]
[Date "2000.04.21"]
[Round "1"]
[White "Moss, Laurent"]
[Black "Pescarus, Dana"]
[Result "1-0"]
[WhiteElo "2050"]
[BlackElo "1587"]
[PlyCount "121"]
[GameId "2160767911724561"]
[EventDate "2000.04.21"]
[EventType "swiss"]
[EventRounds "6"]
[EventCountry "CAN"]

1. d4 d5 2. Nf3 e6 3. Bg5 Nf6 4. Nbd2 Be7 5. e3 Nbd7 6. Bd3 c5 7. c3 c4 8. Bc2 Qc7 9. Qe2 b5 10. O-O Bb7 11. e4 dxe4 12. Nxe4 Nxe4 13. Bxe4 Bxe4 14. Qxe4 Nb6 15. Bxe7 Qxe7 16. Ne5 Nd5 17. Rae1 O-O 18. f4 b4 19. Nxc4 Qc7 20. Ne3 bxc3 21. Rc1 Nxe3 22. Qxe3 c2 23. Rf2 Rac8 24. Qe4 Rfd8 25. Rfxc2 Qd7 26. Rxc8 Rxc8 27. Rxc8+ Qxc8 28. Qe3 h6 29. Qc3 Qa6 30. a3 Qe2 31. h3 Qe4 32. Qd2 Kh7 33. Kf2 f6 34. Qe3 Qc2+ 35. Qe2 Qf5 36. Kf3 Kg8 37. Qe4 Qh5+ 38. Ke3 Qf7 39. Qc6 g5 40. f5 exf5 41. d5 f4+ 42. Ke4 Kf8 43. Qc8+ Kg7 44. d6 f5+ 45. Kd4 Qf6+ 46. Kd5 Qxb2 47. Qd7+ Kg8 48. Qe8+ Kg7 49. Qe5+ Qxe5+ 50. Kxe5 Kf7 51. Kxf5 Ke8 52. Kg6 Kd7 53. Kxh6 Kxd6 54. Kxg5 Kc5 55. h4 Kb5 56. h5 Ka4 57. h6 Kxa3 58. h7 Kb3 59. h8=Q a5 60. Qa1 a4 61. Kxf4 1-0

[Event "Quebec-ch intercoll."]
[Site "Montreal CAN"]
[Date "2000.04.21"]
[Round "1"]
[White "Nguyen, Anh Vu"]
[Black "Pescarus, Radu"]
[Result "0-1"]
[WhiteElo "1587"]
[BlackElo "2052"]
[PlyCount "88"]
[GameId "2160767911724562"]
[EventDate "2000.04.21"]
[EventType "swiss"]
[EventRounds "6"]
[EventCountry "CAN"]

1. d4 Nf6 2. c4 e6 3. Nc3 Bb4 4. Qc2 O-O 5. a3 Bxc3+ 6. bxc3 h6 7. Nf3 d5 8. e3 c5 9. Ne5 Nbd7 10. Bd3 Qc7 11. f4 b6 12. O-O Bb7 13. h3 Rac8 14. Bb2 dxc4 15. Nxc4 cxd4 16. exd4 Nd5 17. f5 exf5 18. Rxf5 b5 19. Ne5 Ne3 20. Qf2 Nxf5 21. Qxf5 Nf6 22. Ng4 Ne4 23. Bxe4 Bxe4 24. Qxe4 Rce8 25. Qd3 a6 26. a4 bxa4 27. Ba3 Rc8 28. Bxf8 Kxf8 29. Qxa6 Qxc3 30. Qd6+ Kg8 31. Rxa4 h5 32. Ne5 Qc1+ 33. Kf2 Qc2+ 34. Kg3 Qxa4 35. Qe7 Qb3+ 36. Kh4 Qd5 37. Nf3 g6 38. Qf6 Qd8 39. Kg5 Qxf6+ 40. Kxf6 Rc6+ 41. Ke7 Re6+ 42. Kd7 Re2 43. g4 Re3 44. Ng1 Rd3 0-1

[Event "Quebec-ch intercoll."]
[Site "Montreal CAN"]
[Date "2000.04.21"]
[Round "2"]
[White "Bergeron, Michel"]
[Black "Moss, Laurent"]
[Result "1/2-1/2"]
[WhiteElo "1669"]
[BlackElo "2050"]
[PlyCount "78"]
[GameId "2160767911724563"]
[EventDate "2000.04.21"]
[EventType "swiss"]
[EventRounds "6"]
[EventCountry "CAN"]

1. f4 e5 2. fxe5 d6 3. exd6 Bxd6 4. Nf3 g5 5. g3 g4 6. Nh4 Be7 7. Ng2 h5 8. d4 h4 9. Bf4 hxg3 10. Bxg3 Bd6 11. Nf4 Nf6 12. Bg2 Qe7 13. Qd3 Nc6 14. c3 Bd7 15. Nd2 O-O-O 16. O-O-O Nh5 17. Nxh5 Rxh5 18. Bxd6 Qxd6 19. h3 Ra5 20. Kb1 Be6 21. Nc4 Bxc4 22. Qxc4 Qg6+ 23. Ka1 g3 24. Qd3 Qd6 25. Rdf1 f6 26. Rhg1 Qe6 27. b3 Qxb3 28. Qb1 Qxc3+ 29. Qb2 Qxd4 30. Bxc6 Qxb2+ 31. Kxb2 bxc6 32. Rxg3 Rd2+ 33. Kb3 Raxa2 34. Rxf6 Rab2+ 35. Ka4 Rb6 36. Ka3 Rd1 37. Ka2 Rd2+ 38. Ka3 Rd1 39. Ka2 Rd2+ 1/2-1/2